000 00935nam a22002657a 4500
005 20180213161528.0
010 _aENG-106903
020 _a9789350518786
_c405.00
020 _a9789350518786
_c445.00
035 _aEN-90436
035 _aB-527862-877
035 _aB-663716
037 _bDBAD/PUB
037 _bHPH/Ven
_adpl
082 _a657.48
100 _aJawahar Lal
245 _aFinancial accounting :
_cby Jawahar Lal [and] Seema Srivastava
_btext and problems /
260 _aMumbai
_bHimalaya Publishing House
_c2012
270 _aRamdoot, Dr. Bhalerao Marg, Girgaon
_bMumbai
_e400004
300 _axiv,858p.
_c32cm(pbk)
700 _aSrivastava, Seema
942 _2ddc
_cEN
_h657.48
_mJAW
999 _c74790
_d74790